| 000 | 00452nam a2200169 a 4500 | ||
|---|---|---|---|
| 005 | 20140310183506.0 | ||
| 008 | 100923s19uu xx 00 eng d | ||
| 020 | _a0446606812 | ||
| 050 |
_aPS 3569.P363 _b.Sp736 1999 |
||
| 100 | _aSparks, Nicholas | ||
| 245 |
_aMessage in a bottle. _cNicholas Sparks |
||
| 260 |
_aNew York : _bWarner Books, Inc, _c1998. |
||
| 300 |
_a369 p. : _c17 cm. |
||
| 650 | _aFiction | ||
| 942 |
_cBK _2lcc |
||
| 999 |
_c24055 _d24055 |
||